| 000 | 01234nam a2200325 i 4500 | ||
|---|---|---|---|
| 999 |
_c200429541 _d47465 |
||
| 001 | 200429541 | ||
| 003 | TR-AnTOB | ||
| 005 | 20210804160919.0 | ||
| 007 | ta | ||
| 008 | 180508s2017 tu g 00| 0 tur d | ||
| 020 | _a9786056625145 | ||
| 040 |
_aTR-AnTOB _beng _erda _cTR-AnTOB _dTR-AnTOB |
||
| 041 | 0 | _atur | |
| 050 | 0 | 4 |
_aDR592.K4 _bÜ5354 2017 |
| 090 |
_aDR592.K4 _bÜ5354 2017 |
||
| 100 | 1 |
_aÜnaydın, Ruşen Eşref, _d1892-1959 _eauhor _969930 |
|
| 245 | 1 | 0 |
_aAnafartalar Kumandanı Mustafa Kemal ve Çanakkale'de savaşanlar ile mülakat / _cRuşen Eşref Ünaydın ; günümüz Türkçesine uyarlayan Prof. Dr. Mehmet Kanar. |
| 250 |
_a1. Baskı _bİstanbul, 2017 |
||
| 264 | 1 |
_aİstanbul : _bİstek Yayınları, _c2017. |
|
| 300 |
_a112 pages ; _c20 cm. |
||
| 336 |
_atext _2rdacontent _btxt |
||
| 337 |
_aunmediated _2rdamedia _bn |
||
| 338 |
_avolume _2rdacarrier _bnc |
||
| 600 | 1 | 0 |
_aAtatürk, Mustafa Kemal _d1881-1938 _920781 |
| 650 |
_aDünya Savaşı, 1914-1918 _xSeferler _zTürkiye _zGelibolu Yarımadası _968825 |
||
| 650 | 0 |
_aWorld War, 1914-1918 _xCampaigns _zTurkey _zGallipoli Peninsula _97181 |
|
| 700 | 1 |
_aKanar, Mehmet, _d1954- _etranslator _9102839 |
|
| 942 |
_2lcc _cBK |
||